| 000 | 00417nam a2200145 a 4500 | ||
|---|---|---|---|
| 005 | 20140310183209.0 | ||
| 008 | 030424s19uu xx 00 eng d | ||
| 050 |
_aHF 5410.5 _b.M345 1990 |
||
| 245 |
_aMarketing in the 1990's : _bA Reader / _cEdited by Paul Solomon. |
||
| 260 |
_aService industries : _bManagement., _c1990. |
||
| 300 |
_a121 p. : _c28 cm. |
||
| 521 | _aBSBA | ||
| 942 |
_cBK _2lcc _kFOR |
||
| 999 |
_c20071 _d20071 |
||